000 00447nam a2200169Ia 4500
003 IN-BaIIA
008 211028s9999 xx 000 0 eng d
040 _cIIA Library
080 _a535
_bMAC
100 _aMach, Ernst
_97050
245 4 _aThe principles of physical optics
_cErnst Mach
260 _aNew York
_bDover Publications
_c1926
300 _ax, 324p.
650 _aAstronomy and astrophysics thesaurus
650 _aOptics
942 _cBK
999 _c3983
_d3983